000 00708nam a2200265 a 4500
999 _c8866
_d8866
001 8866
003 BD - JhCC
005 20180305111542.0
008 911008s1991 enka 000 0 eng d
020 _a0340549130
035 _a(BD - JhCC)8866
040 _aBD-JhCC
_dBD-JhCC
041 _aeng
082 _a516.24
_220
_bABB 1991
100 1 _aAbbott, P.
_q(Percival),
_d1869-1954.
245 1 0 _aTrigonometry /
_cP. Abbott and M.E. Wardle
250 _a3rd ed
260 _aSevenoaks :
_bHodder and Stoughton,
_c1991
300 _ax, 193 p ;
_c20 cm
650 0 _aTrigonometry
700 1 _aWardle, Michael,
_d1939 July 11-
830 0 _aTeach yourself books.
942 _2ddc
_cBK